书目信息 |
| 题名: |
农牧交错带农牧业可持续发展技术
|
|
| 作者: | 韩建国 孙启忠 马春辉 | |
| 分册: | ||
| 出版信息: | 北京 化学工业出版社 2004 |
|
| 页数: | 295 | |
| 开本: | 23cm | |
| 丛书名: | 草业与生态环境建设丛书 | |
| 单 册: | ||
| 中图分类: | S54 | |
| 科图分类: | ||
| 主题词: | 饲料作物 , 牧草 | |
| 电子资源: | ||
| ISBN: | 7-5025-5323-1 | |
| 000 | 00731nam0 2200217 450 | |
| 001 | 0736775523 | |
| 005 | 20070929101255.51 | |
| 010 | @a7-5025-5323-1@d¥30.00 | |
| 100 | @a20070929d km y0chiy0120 ea | |
| 101 | 0 | @achi |
| 200 | 1 | @a农牧交错带农牧业可持续发展技术@Anong mu jiao cuo dai nong mu ye ke chi xu fa zhan ji shu@f韩建国 孙启忠 马春辉@Fhan jian guo sun qi zhong ma chun hui |
| 210 | @a北京@c化学工业出版社@d2004 | |
| 215 | @a295@c彩图@d23cm | |
| 225 | 2 | @a草业与生态环境建设丛书 |
| 410 | 0 | @12001 @a草业与生态环境建设丛书 |
| 606 | 0 | @a饲料作物 |
| 606 | 0 | @a牧草 |
| 690 | @aS54@v3 | |
| 701 | 0 | @a韩建国 孙启忠 马春辉@Ahan jian guo sun qi zhong ma chun hui |
| 801 | 0 | @aCN@bPFT@c20070929 |
| 905 | @a213230@dS54@en1@f1 | |
| 农牧交错带农牧业可持续发展技术/韩建国 孙启忠 马春辉.-北京:化学工业出版社,2004 |
| 295:彩图;23cm.-(草业与生态环境建设丛书) |
| ISBN 7-5025-5323-1:¥30.00 |
| ● |
| 相关链接 |
|
|
|
|
正题名:农牧交错带农牧业可持续发展技术
索取号:S54/n1
 
预约/预借
| 序号 | 登录号 | 条形码 | 馆藏地/架位号 | 状态 | 备注 |
| 1 | 6602221 | 266022225 | 密集书库-生命科学系/ [索取号:S54/n1] | 在馆 |